000 00574nam a22001697a 4500
003 OSt
005 20220531084007.0
008 201204b 2010 dr a 00| 0 eng d
040 _aDO-SdBNP
_bspa
_cBNPHU
100 1 _aMorillo, Francisco,
_d1965-
_977515
245 1 0 _aAtrás de las rejas :
_brelatos /
_cFrancisco Morillo.
260 _aMoca, República Dominicana :
_bEditora Impresora La Nueva Imagen,
_c2010.
300 _a102 p. :
_bil. ;
_c23 cm.
500 _aIncluye datos biográficos del autor en la contracubierta.
590 _aInventariado, 2020 /LP
942 _2ddc
_cLBS1
999 _c49236
_d49236